[Event "22. Copenhagen Open  (Politiken Cup)"]
[Site "Copenhagen"]
[Date "2000.07.28"]
[Round "11"]
[White "Christensen, Stefan"]
[Black "Hoff, Terje"]
[Result "1-0"]
[WhiteElo "2176"]
[BlackElo "2051"]
[PlyCount "37"]
[EventDate "2000.07.17"]
[EventType "swiss"]
[EventRounds "11"]
[EventCountry "DEN"]
[SourceDate "2004.01.01"]

1. e4 g6 2. d4 Bg7 3. Nc3 d6 4. f4 c6 5. Nf3 b5 6. Bd3 Bg4 7. Be3 Qb6 8. h3
Bxf3 9. Qxf3 Bxd4 10. Bxd4 Qxd4 11. O-O-O Qb6 12. e5 b4 13. Ne2 Qa5 14. exd6
Qxa2 {[#]} 15. Bb5 Nd7 16. Bxc6 Rd8 17. Bxd7+ Rxd7 18. Qa8+ Rd8 19. d7+ 1-0

[Event "22. Copenhagen Open  (Politiken Cup)"]
[Site "Copenhagen"]
[Date "2000.07.28"]
[Round "11"]
[White "Christensen, Verner"]
[Black "Jensen, Michael Bremerskov"]
[Result "1-0"]
[WhiteElo "1761"]
[BlackElo "1358"]
[PlyCount "101"]
[EventDate "2000.07.17"]
[EventType "swiss"]
[EventRounds "11"]
[EventCountry "DEN"]
[SourceDate "2004.01.01"]

1. e4 c5 2. d4 cxd4 3. c3 dxc3 4. Nxc3 Nc6 5. Nf3 d6 6. Bc4 Bg4 7. Bxf7+ Kd7 8.
Bb3 Kc7 9. O-O Rc8 10. Be3 Kb8 11. h3 Bd7 12. Qe2 h6 13. e5 Qa5 14. Rfd1 Ka8
15. Rd5 Qd8 16. Bf4 g5 17. Bg3 e6 18. Rdd1 d5 19. Nd4 Nxd4 20. Rxd4 Bc5 21.
Rdd1 h5 22. a4 Ne7 23. a5 a6 24. Ba4 Nf5 25. Qd3 h4 26. Bh2 Bxa4 27. Rxa4 Qd7
28. Rda1 Rcf8 29. b4 Bd4 30. b5 Bxc3 31. Qxc3 Rc8 32. Qb3 Rc7 33. bxa6 bxa6 34.
Qd3 Ka7 35. Rb4 Rhc8 36. Kh1 Rc3 37. Qd2 Rc2 38. Qxg5 Rxf2 39. Bg1 Rcc2 40. Qf4
Ng3+ 41. Kh2 Ne4 42. Rxe4 dxe4 43. Bxf2+ Kb8 44. Rb1+ Kc8 45. Bb6 Qg7 46. Qxe4
Qg3+ 47. Kh1 Kd7 48. Rd1+ Ke8 49. Rd8+ Kf7 50. Qh7+ Qg7 51. Rd7+ 1-0

[Event "22. Copenhagen Open  (Politiken Cup)"]
[Site "Copenhagen"]
[Date "2000.07.28"]
[Round "11"]
[White "De Firmian, Nick E"]
[Black "Schandorff, Lars"]
[Result "1/2-1/2"]
[WhiteElo "2567"]
[BlackElo "2520"]
[PlyCount "88"]
[EventDate "2000.07.17"]
[EventType "swiss"]
[EventRounds "11"]
[EventCountry "DEN"]
[SourceDate "2004.01.01"]

1. e4 e5 2. Nf3 Nf6 3. Nxe5 d6 4. Nf3 Nxe4 5. d4 d5 6. Bd3 Nc6 7. O-O Be7 8.
Re1 Bg4 9. c4 Nf6 10. Nc3 Bxf3 11. Qxf3 Nxd4 12. Qd1 Ne6 13. Bf5 c6 14. cxd5
Nxd5 15. Qg4 O-O 16. Nxd5 cxd5 17. Bxe6 fxe6 18. Qxe6+ Rf7 19. Be3 Bf6 20. Rad1
Bxb2 21. Rxd5 Qe7 22. Qg4 b6 23. Red1 Re8 24. h3 Bf6 25. Qc4 Qe6 26. Qa4 Rfe7
27. Rd6 Qe4 28. Qb3+ Kh8 29. a4 h6 30. Qa2 Kh7 31. R6d5 Qg6 32. a5 Re5 33. a6
Bg5 34. Bxg5 Rxg5 35. Rxg5 Qxg5 36. Qc2+ Qg6 37. Qc7 b5 38. Qxa7 Re6 39. Rd7 b4
40. Qb7 Rxa6 41. Rxg7+ Qxg7 42. Qxa6 Qc3 43. Qb7+ Kg8 44. Qd5+ Kg7 1/2-1/2

[Event "22. Copenhagen Open  (Politiken Cup)"]
[Site "Copenhagen"]
[Date "2000.07.28"]
[Round "11"]
[White "Dencker, Martin"]
[Black "Maechel, Michael"]
[Result "1-0"]
[WhiteElo "1331"]
[BlackElo "1611"]
[PlyCount "73"]
[EventDate "2000.07.17"]
[EventType "swiss"]
[EventRounds "11"]
[EventCountry "DEN"]
[SourceDate "2004.01.01"]

1. e4 e5 2. Nf3 Nf6 3. Bc4 d5 4. exd5 Bg4 5. h3 Bh5 6. g4 Nxg4 7. hxg4 Bxg4 8.
Be2 Qxd5 9. Nc3 Qc6 10. Bb5 e4 11. Bxc6+ Nxc6 12. Nxe4 O-O-O 13. Qe2 Nd4 14.
Qc4 Bxf3 15. Rh4 g5 16. Nxg5 Re8+ 17. Re4 Bg7 18. Re3 Rxe3+ 19. fxe3 Be2 20.
Qxf7 Rf8 21. Qxf8+ Bxf8 22. exd4 Bg4 23. Nxh7 Be7 24. d3 Bh4+ 25. Kf1 Bh3+ 26.
Kg1 Kd7 27. Bg5 Bg3 28. Nf6+ Kc6 29. Ne4 Bd6 30. Nxd6 cxd6 31. Re1 b5 32. Bf4
d5 33. Re7 a5 34. Rc7+ Kb6 35. Rc5 Be6 36. Bd2 a4 37. Kf2 1-0

[Event "22. Copenhagen Open  (Politiken Cup)"]
[Site "Copenhagen"]
[Date "2000.07.28"]
[Round "11"]
[White "Drejer, Hans Ulrik"]
[Black "Rubeksen, Thomas Hans"]
[Result "1-0"]
[WhiteElo "1680"]
[BlackElo "1210"]
[PlyCount "55"]
[EventDate "2000.07.17"]
[EventType "swiss"]
[EventRounds "11"]
[EventCountry "DEN"]
[SourceDate "2004.01.01"]

1. d4 d5 2. Nf3 e6 3. Bg5 Be7 4. h4 h6 5. Bxe7 Qxe7 6. c3 Nf6 7. e3 c5 8. Nbd2
b6 9. Ne5 Bd7 10. Bd3 c4 11. Bc2 b5 12. Qf3 Nc6 13. g4 Bc8 14. Nxc6 Qd6 15. Ne5
Qe7 16. g5 hxg5 17. hxg5 Rxh1+ 18. Qxh1 Nd7 19. Ndf3 Nxe5 20. Nxe5 Qxg5 21.
O-O-O Qf6 22. Rg1 g6 23. f4 a5 24. Bxg6 fxg6 25. Rxg6 Qf5 26. Qh7 b4 27. Rg8+
Qf8 28. Qf7+ 1-0

[Event "22. Copenhagen Open  (Politiken Cup)"]
[Site "Copenhagen"]
[Date "2000.07.28"]
[Round "11"]
[White "Eriksson, Johan"]
[Black "Baekgaard, Martin"]
[Result "1-0"]
[WhiteElo "2369"]
[BlackElo "2170"]
[PlyCount "27"]
[EventDate "2000.07.17"]
[EventType "swiss"]
[EventRounds "11"]
[EventCountry "DEN"]
[SourceDate "2004.01.01"]

1. d4 f5 2. e4 fxe4 3. Nc3 Nf6 4. f3 d5 5. fxe4 dxe4 6. Bg5 Bf5 7. Bc4 Nc6 8.
Nge2 Qd7 9. O-O e6 10. Qe1 O-O-O 11. Rd1 Nb4 12. Bb3 e3 13. d5 e5 {[#]} 14. Ba4
1-0

[Event "22. Copenhagen Open  (Politiken Cup)"]
[Site "Copenhagen"]
[Date "2000.07.28"]
[Round "11"]
[White "Erlandsen, Carsten"]
[Black "Nielsen, Jan Mose"]
[Result "0-1"]
[WhiteElo "2165"]
[BlackElo "2030"]
[PlyCount "79"]
[EventDate "2000.07.17"]
[EventType "swiss"]
[EventRounds "11"]
[EventCountry "DEN"]
[SourceDate "2004.01.01"]

1. d4 Nf6 2. c4 c5 3. d5 b5 4. cxb5 a6 5. bxa6 g6 6. Nc3 Bxa6 7. g3 d6 8. Bg2
Bg7 9. Nf3 Nbd7 10. O-O O-O 11. Re1 Qc7 12. Bf4 Rfb8 13. Qc2 Qb7 14. Rab1 Bc4
15. e4 Bxa2 16. Nxa2 Rxa2 17. e5 Ne8 18. Ng5 Nxe5 19. Bxe5 Bxe5 20. Rxe5 dxe5
21. d6 Qa7 22. d7 Nf6 23. Qc4 e6 24. Nxe6 Nxd7 25. Ng5 Nf6 26. b3 Rd8 27. Re1
Ra1 28. Rxa1 Qxa1+ 29. Bf1 Qa7 30. Be2 Kg7 31. Kg2 Qe7 32. Ne4 Nxe4 33. Qxe4
Rd4 34. Qe3 Qd6 35. Bc4 f5 36. Qf3 e4 37. Qe2 Rd2 38. Qf1 Qd4 39. Qe1 e3 40.
Qxe3 0-1

[Event "22. Copenhagen Open  (Politiken Cup)"]
[Site "Copenhagen"]
[Date "2000.07.28"]
[Round "11"]
[White "Fant, Goran"]
[Black "Gislason, Ingolfur"]
[Result "0-1"]
[WhiteElo "2062"]
[BlackElo "1780"]
[PlyCount "102"]
[EventDate "2000.07.17"]
[EventType "swiss"]
[EventRounds "11"]
[EventCountry "DEN"]
[SourceDate "2004.01.01"]

1. Nf3 Nf6 2. d4 g6 3. Nc3 d5 4. Bf4 Bg7 5. h3 c5 6. e3 Nc6 7. Nb5 O-O 8. c3 a6
9. Na3 Ne4 10. Nc2 Re8 11. Be2 e5 12. dxe5 Nxe5 13. Nxe5 Bxe5 14. Bxe5 Rxe5 15.
O-O Qh4 16. Ne1 Ng5 17. Bg4 Bxg4 18. Qxg4 Qxg4 19. hxg4 Ree8 20. Rd1 Red8 21.
f4 Ne4 22. g5 h5 23. gxh6 Kh7 24. g4 Kxh6 25. g5+ Kg7 26. Kg2 Kf8 27. f5 Ke7
28. f6+ Ke6 29. Nf3 Rh8 30. Rh1 b5 31. b4 Rxh1 32. Rxh1 Nxc3 33. bxc5 Nxa2 34.
Nd4+ Ke5 35. Rh7 Rf8 36. Kf3 Nc3 37. c6 Ne4 38. Kg4 Nd6 39. Kf3 Nf5 40. Nxf5
Kxf5 41. c7 Ke6 42. Rh1 Kd7 43. Rd1 Kxc7 44. Rxd5 b4 45. Ke2 Rd8 46. Ra5 Kb6
47. Ra1 Kb5 48. e4 a5 49. Ke3 b3 50. e5 a4 51. e6 fxe6 0-1

[Event "22. Copenhagen Open  (Politiken Cup)"]
[Site "Copenhagen"]
[Date "2000.07.28"]
[Round "11"]
[White "Golod, Vitali"]
[Black "Hansen, Lars Bo"]
[Result "1/2-1/2"]
[WhiteElo "2590"]
[BlackElo "2562"]
[PlyCount "45"]
[EventDate "2000.07.17"]
[EventType "swiss"]
[EventRounds "11"]
[EventCountry "DEN"]
[SourceDate "2004.01.01"]

1. d4 d5 2. c4 e6 3. Nc3 Nf6 4. Nf3 Nbd7 5. Bg5 c6 6. e3 Qa5 7. Nd2 dxc4 8.
Bxf6 Nxf6 9. Nxc4 Qc7 10. Rc1 Be7 11. Be2 O-O 12. O-O Rd8 13. Qb3 Bd7 14. Bf3
Be8 15. Rfd1 Nd5 16. Ne4 Rac8 17. g3 b6 18. a3 Qb8 19. Qa2 Rc7 20. b4 c5 21.
bxc5 bxc5 22. Nxc5 Bxc5 23. dxc5 1/2-1/2

[Event "22. Copenhagen Open  (Politiken Cup)"]
[Site "Copenhagen"]
[Date "2000.07.28"]
[Round "11"]
[White "Grahn, Lars"]
[Black "Lonborg, Morten"]
[Result "1/2-1/2"]
[WhiteElo "2105"]
[BlackElo "2166"]
[PlyCount "130"]
[EventDate "2000.07.17"]
[EventType "swiss"]
[EventRounds "11"]
[EventCountry "DEN"]
[SourceDate "2004.01.01"]

1. d4 Nf6 2. Nf3 c5 3. d5 g6 4. Nc3 d6 5. e4 e5 6. Be2 Bg7 7. Nd2 O-O 8. a4
Nbd7 9. a5 Ne8 10. g4 f5 11. h4 fxg4 12. Bxg4 Ndf6 13. Be2 h5 14. Nc4 Rb8 15.
f3 Nh7 16. Be3 Bf6 17. Bf2 Ng7 18. Qd2 g5 19. O-O-O gxh4 20. Rdg1 b5 21. axb6
axb6 22. Nb5 Bg5 23. Be3 Bxe3 24. Qxe3 Rf6 25. Rxh4 Ba6 26. Nca3 Kh8 27. Rh2
Bc8 28. Rhg2 Rb7 29. Rg6 Rxg6 30. Rxg6 Rd7 31. Qh6 Ba6 32. c4 Ne8 33. Qxh5 Rg7
34. Kb1 Qe7 35. Qh6 Rxg6 36. Qxg6 Nhf6 37. Bf1 Qg7 38. Qxg7+ Kxg7 39. Bh3 Kh6
40. Nc2 Kg5 41. Bf1 Kf4 42. Be2 Nh7 43. Nc3 Ng5 44. Na4 Nxf3 45. Bxf3 Kxf3 46.
Nxb6 Kxe4 47. b4 cxb4 48. Nxb4 Bb7 49. Kc2 Kd4 50. Kb3 e4 51. Nc2+ Kd3 52. Nb4+
Kd2 53. Nc2 e3 54. Nxe3 Kxe3 55. c5 Kd4 56. cxd6 Nxd6 57. Kb4 Ba6 58. Ka5 Bf1
59. Kb4 Be2 60. Nd7 Kxd5 61. Kc3 Bb5 62. Nf6+ Ke5 63. Ng4+ Kf4 64. Nf6 Bc6 65.
Kd4 Kf5 1/2-1/2

[Event "22. Copenhagen Open  (Politiken Cup)"]
[Site "Copenhagen"]
[Date "2000.07.28"]
[Round "11"]
[White "Gulko, Boris F"]
[Black "Adamski, Jan"]
[Result "1-0"]
[WhiteElo "2643"]
[BlackElo "2381"]
[PlyCount "89"]
[EventDate "2000.07.17"]
[EventType "swiss"]
[EventRounds "11"]
[EventCountry "DEN"]
[SourceDate "2004.01.01"]

1. c4 Nf6 2. Nc3 c5 3. g3 e6 4. Nf3 d5 5. cxd5 Nxd5 6. Bg2 Nc6 7. O-O Be7 8. d4
O-O 9. e4 Nxc3 10. bxc3 b6 11. d5 Na5 12. Re1 exd5 13. exd5 Bf6 14. Ne5 Bb7 15.
Bf4 Re8 16. Qd3 Bxe5 17. Bxe5 Nc6 18. Bf4 Qd7 19. Be4 Ne7 20. Bxh7+ Kh8 21. Be4
c4 22. Qxc4 Bxd5 23. Rad1 Bxc4 24. Rxd7 Nd5 25. Bd2 Red8 26. Rxf7 Nxc3 27. Bxa8
Bxf7 28. Bxc3 Rxa8 29. Re7 Kg8 30. Rc7 a5 31. h4 b5 32. a3 b4 33. axb4 axb4 34.
Bxb4 Ra1+ 35. Kh2 Ra2 36. Bc5 Rc2 37. g4 Rc3 38. f4 Rc2+ 39. Kg3 Rc3+ 40. Kf2
Rh3 41. h5 Rc3 42. f5 Rc2+ 43. Kg3 Rc4 44. g5 Bxh5 45. g6 1-0

[Event "22. Copenhagen Open  (Politiken Cup)"]
[Site "Copenhagen"]
[Date "2000.07.28"]
[Round "11"]
[White "Hamann, Steffen"]
[Black "Laustsen, Lars"]
[Result "0-1"]
[WhiteElo "1638"]
[BlackElo "1974"]
[PlyCount "66"]
[EventDate "2000.07.17"]
[EventType "swiss"]
[EventRounds "11"]
[EventCountry "DEN"]
[SourceDate "2004.01.01"]

1. d4 Nf6 2. c4 g6 3. g3 Bg7 4. Bg2 O-O 5. Nf3 d6 6. Nc3 Nbd7 7. O-O c6 8. e4
e5 9. d5 cxd5 10. cxd5 Nc5 11. Ne1 Bg4 12. f3 Bd7 13. Be3 Qa5 14. Rf2 Rfc8 15.
Nd3 Nxd3 16. Qxd3 Nh5 17. Qd2 f5 18. Bh3 Nf6 19. Bg5 b5 20. a3 Qc7 21. Bf1 Rab8
22. Rc1 Qa5 23. Ra1 b4 24. Na2 fxe4 25. Bxf6 e3 26. Qxe3 Bxf6 27. axb4 Rxb4 28.
Qe1 Ra4 29. b4 Qb6 30. Kh1 e4 31. Rb1 exf3 32. Rxf3 Rxa2 33. Rxf6 Rcc2 0-1

[Event "22. Copenhagen Open  (Politiken Cup)"]
[Site "Copenhagen"]
[Date "2000.07.28"]
[Round "11"]
[White "Hansen, Herluf"]
[Black "Dongart, Dennis"]
[Result "0-1"]
[WhiteElo "2047"]
[BlackElo "2138"]
[PlyCount "82"]
[EventDate "2000.07.17"]
[EventType "swiss"]
[EventRounds "11"]
[EventCountry "DEN"]
[SourceDate "2004.01.01"]

1. c4 e5 2. Nc3 Bb4 3. Qc2 Nc6 4. Nf3 d6 5. a3 Bxc3 6. Qxc3 a5 7. b3 Nge7 8. g3
Bf5 9. Bg2 Qd7 10. d4 f6 11. d5 Nd8 12. h3 Qc8 13. Nd2 O-O 14. f4 exf4 15. gxf4
Ng6 16. Qg3 Re8 $11 17. Bb2 b5 18. Kf2 bxc4 19. bxc4 Nb7 20. e4 Bd7 21. Rhe1
Nc5 22. Bd4 Nxf4 $11 23. Kg1 Nxh3+ 24. Bxh3 Bxh3 25. Kh2 Bg4 26. Re3 h5 27. Rg1
Nd7 28. Nf3 Ne5 29. Bxe5 dxe5 30. Nh4 Qd7 31. Nf5 Rab8 32. Qh4 Bxf5 33. exf5
Rb2+ 34. Kh1 Qxf5 35. Reg3 Re7 36. c5 Rd2 37. d6 cxd6 38. Qc4+ d5 39. Qa6 Qe4+
40. R1g2 Qh4+ 41. Kg1 Rd1+ 0-1

[Event "22. Copenhagen Open  (Politiken Cup)"]
[Site "Copenhagen"]
[Date "2000.07.28"]
[Round "11"]
[White "Hansen, Morten Lyck"]
[Black "Nielsen, Rune"]
[Result "1-0"]
[WhiteElo "1812"]
[BlackElo "1611"]
[PlyCount "83"]
[EventDate "2000.07.17"]
[EventType "swiss"]
[EventRounds "11"]
[EventCountry "DEN"]
[SourceDate "2004.01.01"]

1. e4 g6 2. d4 Bg7 3. Nc3 d6 4. f4 Nf6 5. Nf3 O-O 6. Bd3 Na6 7. O-O c5 8. d5
Nb4 9. Re1 Rb8 10. a3 Nxd3 11. Qxd3 Qc7 12. a4 c4 13. Qe2 a6 14. a5 Bd7 15. Be3
Bb5 16. Bb6 Qc8 17. Rad1 Nd7 18. Bd4 Qc7 19. Bxg7 Kxg7 20. Ra1 Rfc8 21. Kh1 Qc5
22. e5 Nf8 23. f5 Bd7 24. f6+ exf6 25. exf6+ Kh8 26. Qd2 g5 27. Qxg5 Ne6 28.
dxe6 Qxg5 29. Nxg5 fxe6 30. Nxe6 Re8 31. Ng5 Rf8 32. Re7 Bf5 33. Nf7+ Rxf7 34.
Rxf7 Bxc2 35. Re7 Rf8 36. Nd5 Bg6 37. Rae1 Kg8 38. Rxb7 Bf7 39. Ne7+ Kh8 40.
Rc7 d5 41. Rc8 Rxc8 42. Nxc8 1-0

[Event "22. Copenhagen Open  (Politiken Cup)"]
[Site "Copenhagen"]
[Date "2000.07.28"]
[Round "11"]
[White "Hau, Helge"]
[Black "Lardot, Derik"]
[Result "0-1"]
[WhiteElo "1427"]
[BlackElo "2019"]
[PlyCount "72"]
[EventDate "2000.07.17"]
[EventType "swiss"]
[EventRounds "11"]
[EventCountry "DEN"]
[SourceDate "2004.01.01"]

1. f4 e5 2. fxe5 d6 3. exd6 Bxd6 4. Nf3 g5 5. d4 g4 6. Ne5 Qf6 7. g3 Bxe5 8.
dxe5 Qxe5 9. Bg2 Ne7 10. Nc3 Nbc6 11. Bf4 Qa5 12. O-O Bd7 13. a3 O-O-O 14. e3
Be6 15. Qc1 Nd5 16. Ne4 Nxf4 17. gxf4 Ne7 18. b4 Qb6 19. Nc5 Bd5 20. e4 Bc4 21.
Rd1 Qh6 22. Qe3 b6 23. Na4 Ng6 24. Qg3 Qxf4 25. Nb2 Be2 26. Rd5 Rxd5 27. exd5
Qd4+ 28. Qf2 Qxb2 29. Qf5+ Kb8 30. Re1 Qd4+ 31. Kh1 Qf4 32. Qd7 Qf2 33. Rg1 Ne5
34. Qe7 Nf3 35. Rc1 Nh4 36. Be4 Nf3 0-1

[Event "22. Copenhagen Open  (Politiken Cup)"]
[Site "Copenhagen"]
[Date "2000.07.28"]
[Round "11"]
[White "Heinola, Vesa"]
[Black "Grubert, Christian"]
[Result "1-0"]
[WhiteElo "2227"]
[BlackElo "2060"]
[PlyCount "91"]
[EventDate "2000.07.17"]
[EventType "swiss"]
[EventRounds "11"]
[EventCountry "DEN"]
[SourceDate "2004.01.01"]

1. d4 d6 2. c4 g6 3. Nc3 Bg7 4. e4 Nf6 5. f4 O-O 6. Nf3 c5 7. d5 e6 8. dxe6
fxe6 9. Bd3 b6 10. O-O Bb7 11. Ng5 Qe7 12. f5 gxf5 13. exf5 e5 14. Ne6 Rf7 15.
Bg5 Nbd7 16. Be4 Nf8 17. Nxg7 Kxg7 18. Nd5 Bxd5 19. Bxd5 Rd8 20. Rc1 N8d7 21.
Bxf7 Kxf7 22. Rc3 Rg8 23. h4 e4 24. Qd2 Ne5 25. Re1 Neg4 26. Bxf6 Nxf6 27. Rd1
d5 28. cxd5 Ng4 29. d6 Qe5 30. Qd5+ Qxd5 31. Rxd5 Rd8 32. Rg3 Nf6 33. Rd2 Ne8
34. d7 Nf6 35. Ra3 a5 36. Rb3 Rxd7 37. Rxd7+ Nxd7 38. g4 Kf6 39. Kf2 Ke5 40.
Kg3 a4 41. Rc3 Nf6 42. g5 Nd7 43. f6 Kf5 44. f7 h6 45. gxh6 Kg6 46. Kf4 1-0

[Event "22. Copenhagen Open  (Politiken Cup)"]
[Site "Copenhagen"]
[Date "2000.07.28"]
[Round "11"]
[White "Hillarp Persson, Tiger"]
[Black "Tozer, Richard"]
[Result "1-0"]
[WhiteElo "2549"]
[BlackElo "2317"]
[PlyCount "81"]
[EventDate "2000.07.17"]
[EventType "swiss"]
[EventRounds "11"]
[EventCountry "DEN"]
[SourceDate "2004.01.01"]

1. d4 f5 2. Nc3 d5 3. Bf4 Nf6 4. e3 e6 5. Nb5 Na6 6. c4 c6 7. Nc3 Bd6 8. Bxd6
Qxd6 9. Nf3 O-O 10. c5 Qc7 11. Bxa6 bxa6 12. Ne2 Rb8 13. O-O Rxb2 14. Nf4 a5
15. Ne5 g5 16. Nfd3 Rb8 17. h4 Ba6 18. hxg5 Ng4 19. Nf3 f4 20. exf4 Bxd3 21.
Qxd3 Rxf4 22. g3 Rf5 23. Qe2 e5 24. Nxe5 Nxe5 25. dxe5 Qxe5 26. Qxe5 Rxe5 27.
f4 Re3 28. Kg2 Rc3 29. Rae1 Rxc5 30. Re7 Rd8 31. Rh1 d4 32. Rexh7 Rf8 33. Rd7
Rc2+ 34. Kf3 c5 35. Rhh7 Re8 36. Kg4 Rxa2 37. Kf5 Rae2 38. g6 a4 39. Kf6 R2e6+
40. Kg5 Re2 41. f5 1-0

[Event "22. Copenhagen Open  (Politiken Cup)"]
[Site "Copenhagen"]
[Date "2000.07.28"]
[Round "11"]
[White "Howe, Dennis"]
[Black "Al Saad, Mofid"]
[Result "1-0"]
[WhiteElo "2015"]
[BlackElo "1496"]
[PlyCount "131"]
[EventDate "2000.07.17"]
[EventType "swiss"]
[EventRounds "11"]
[EventCountry "DEN"]
[SourceDate "2004.01.01"]

1. e4 c5 2. Nf3 d6 3. d4 cxd4 4. Nxd4 Nf6 5. Nc3 a6 6. Bc4 e6 7. a3 g6 8. O-O
Bg7 9. Be3 Nbd7 10. Bxe6 O-O 11. Ba2 Nc5 12. f3 Ne6 13. Qd2 Re8 14. Rfd1 d5 15.
Nxd5 Nxd5 16. Bxd5 Nc7 17. Ba2 Qe7 18. Qb4 Qf6 19. Qc5 Ne6 20. Nxe6 fxe6 21.
Bd4 Qf8 22. Qxf8+ Bxf8 23. Bb6 Be7 24. Rd3 Bf6 25. Bd4 Bd8 26. Rad1 Kf7 27. c3
Bd7 28. Be5 Bc6 29. Kh1 Bb6 30. Bd4 Bc7 31. Bc5 Rad8 32. Bd6 Bb6 33. c4 Rc8 34.
b4 Ba4 35. R1d2 Bd8 36. c5 Bb5 37. Rd4 Bg5 38. f4 Bf6 39. e5 Bd8 40. Bb1 Ba4
41. Be4 Bc6 42. a4 Ra8 43. h3 Bh4 44. Kh2 Be1 45. Rd1 Bh4 46. g3 Bd8 47. R1d2
Rg8 48. Bxc6 bxc6 49. Bc7 Be7 50. Rd7 Ke8 51. Bb6 Rc8 52. Ra7 h5 53. h4 g5 54.
hxg5 Rh8 55. Kh3 h4 56. gxh4 Rf8 57. Kg4 Rb8 58. a5 Rf5 59. g6 Kf8 60. g7+ Kf7
61. Rdd7 Kxg7 62. Rxe7+ Kh8 63. Rxe6 Rbf8 64. Rf6 R5xf6 65. exf6 Rxf6 66. Rxa6
1-0

[Event "22. Copenhagen Open  (Politiken Cup)"]
[Site "Copenhagen"]
[Date "2000.07.28"]
[Round "11"]
[White "Hvenekilde, Jorgen"]
[Black "Haugsdal, Arn Tore"]
[Result "1-0"]
[WhiteElo "2260"]
[BlackElo "2007"]
[PlyCount "80"]
[EventDate "2000.07.17"]
[EventType "swiss"]
[EventRounds "11"]
[EventCountry "DEN"]
[SourceDate "2004.01.01"]

1. d4 Nf6 2. c4 c5 3. d5 b5 4. a4 b4 5. Nd2 g6 6. b3 Bg7 7. Bb2 d6 8. e4 O-O 9.
Qc2 e5 10. Be2 a5 11. O-O-O Nh5 12. Bxh5 gxh5 13. f4 f6 14. g3 Ra7 15. Kb1 Bh6
16. Rf1 Rg7 17. Ne2 Nd7 18. Nf3 Qe8 19. Nh4 Nb6 20. Rf2 Re7 21. Rg1 Kh8 22. Re1
Rg8 23. Nc1 Bd7 24. Qd3 Reg7 25. Qe2 Bg4 26. Qc2 Bd7 27. Nd3 Bg4 28. fxe5 fxe5
29. Nf5 Bxf5 30. Rxf5 Nd7 31. Qe2 Rg5 32. Nf4 Rxf5 33. exf5 Nf6 34. Ne6 h4 35.
Rg1 Rg4 36. Qf3 Qh5 37. Rf1 Ne4 38. Kc2 Nd2 39. Qe2 Nxf1 40. Bxe5+ dxe5 {Time}
1-0

[Event "22. Copenhagen Open  (Politiken Cup)"]
[Site "Copenhagen"]
[Date "2000.07.28"]
[Round "11"]
[White "Jensen, Dan Bronnum"]
[Black "Karlstrom, Henrik"]
[Result "1-0"]
[WhiteElo "1438"]
[BlackElo "1296"]
[PlyCount "75"]
[EventDate "2000.07.17"]
[EventType "swiss"]
[EventRounds "11"]
[EventCountry "DEN"]
[SourceDate "2004.01.01"]

1. e4 c5 2. Nf3 d6 3. c3 Nc6 4. d4 cxd4 5. cxd4 Nf6 6. Nc3 g6 7. Bb5 Bd7 8. O-O
Bg7 9. Bg5 Nb4 10. Qa4 Nc6 11. d5 Ne5 12. Nxe5 dxe5 13. Bxd7+ Qxd7 14. Qxd7+
Kxd7 15. f3 Rac8 $11 16. Be3 a6 17. Na4 Rc2 18. Rac1 Rxc1 19. Rxc1 Nh5 20. Nc5+
Ke8 21. Nxb7 f5 22. Rc6 fxe4 23. fxe4 Rf8 24. Rxa6 Nf4 25. Ra8+ Kd7 26. Rxf8
Bxf8 27. Bxf4 exf4 28. Kf1 e6 29. dxe6+ Kxe6 30. Ke2 Ke5 31. Kf3 g5 32. h3 Kd4
33. a4 Kc4 34. Nd8 Kb4 35. e5 Kxa4 36. Ne6 Be7 37. Kg4 Kb5 38. Nxg5 1-0

[Event "22. Copenhagen Open  (Politiken Cup)"]
[Site "Copenhagen"]
[Date "2000.07.28"]
[Round "11"]
[White "Jessen, Simon Pind"]
[Black "Hansen, Ib Lyns"]
[Result "1-0"]
[WhiteElo "2126"]
[BlackElo "1769"]
[PlyCount "87"]
[EventDate "2000.07.17"]
[EventType "swiss"]
[EventRounds "11"]
[EventCountry "DEN"]
[SourceDate "2004.01.01"]

1. d4 f5 2. Nf3 Nf6 3. c4 e6 4. Nc3 c6 5. Qc2 d5 6. cxd5 cxd5 7. Bg5 Be7 8. e3
O-O 9. Be2 a6 10. Rc1 Nc6 11. a3 Bd7 12. O-O Rc8 13. Qb1 b5 14. b4 Qe8 15. Bxf6
Bxf6 16. Ne1 f4 17. Nf3 g5 18. g4 Qg6 19. Qxg6+ hxg6 20. Rfd1 Be7 21. h3 Nd8
22. Ne5 Bc6 23. Nxg6 Rf7 24. Nxe7+ Rxe7 25. exf4 gxf4 26. Bf3 Rec7 27. Ne2 Rf7
28. Rd3 Kg7 29. h4 Kf8 30. g5 Ke7 31. Bg4 Kd6 32. Rf3 Rcc7 33. Rxf4 e5 34. Rxf7
Rxf7 35. dxe5+ Kxe5 36. f4+ Ke4 37. Rc3 Bd7 38. Bf3+ Kf5 39. Bxd5 Re7 40. Bf3
Ne6 41. Re3 Rf7 42. Re5+ Kg6 43. Bd5 Rf5 44. Be4 1-0

[Event "22. Copenhagen Open  (Politiken Cup)"]
[Site "Copenhagen"]
[Date "2000.07.28"]
[Round "11"]
[White "Jorgensen, Arne Bjorn"]
[Black "Rosenberg, Jan"]
[Result "1-0"]
[WhiteElo "2006"]
[BlackElo "1625"]
[PlyCount "93"]
[EventDate "2000.07.17"]
[EventType "swiss"]
[EventRounds "11"]
[EventCountry "DEN"]
[SourceDate "2004.01.01"]

1. d4 Nf6 2. c4 c5 3. d5 b5 4. Qc2 d6 5. e4 bxc4 6. Bxc4 g6 7. Nf3 Bg7 8. O-O
O-O 9. Re1 Nbd7 10. h3 Rb8 11. Nc3 Nb6 12. Bf1 a6 13. a4 Qc7 14. Ra2 Nbd7 15.
Bf4 Qa5 16. Rd1 Rb4 17. Bh2 Bb7 18. e5 Ne8 19. exd6 exd6 20. Nd2 Rd4 21. Nc4
Qc7 22. Raa1 Ndf6 23. Rxd4 cxd4 24. Ne4 Bxd5 25. Nexd6 Qc6 26. Rc1 Nxd6 27.
Nxd6 Qxc2 28. Rxc2 Bb3 29. Rd2 Nd5 30. a5 Nb4 31. g4 Rd8 32. Bf4 Bd5 33. h4 Bf8
34. Rxd4 Bxd6 35. Bxd6 Rxd6 36. Rxb4 Bf3 37. Rf4 Bb7 38. f3 Rd2 39. Bc4 Rd1+
40. Kf2 Rd2+ 41. Ke3 Rxb2 42. Rxf7 Kh8 43. Rf6 Rb4 44. Bxa6 Kg7 45. Rd6 Rb3+
46. Bd3 Kf7 47. Rb6 1-0

[Event "22. Copenhagen Open  (Politiken Cup)"]
[Site "Copenhagen"]
[Date "2000.07.28"]
[Round "11"]
[White "Jorgensen, Orla Eilegaard"]
[Black "Malvild, Robert"]
[Result "0-1"]
[WhiteElo "1297"]
[BlackElo "2029"]
[PlyCount "38"]
[EventDate "2000.07.17"]
[EventType "swiss"]
[EventRounds "11"]
[EventCountry "DEN"]
[SourceDate "2004.01.01"]

1. d4 c6 2. e4 d5 3. exd5 cxd5 4. c4 Nf6 5. Nc3 Nc6 6. Bf4 Be6 7. c5 g6 8. Nf3
Bg7 9. h3 O-O 10. a3 Ne4 11. Nxe4 dxe4 12. Ng5 Bd5 13. Be3 h6 14. h4 hxg5 15.
h5 Be6 16. Bxg5 Nxd4 17. Bh6 Bb3 18. Qc1 Nc2+ 19. Ke2 Qd3# 0-1